| 000 | 00677nam a22002177a 4500 | ||
|---|---|---|---|
| 999 |
_c10458 _d10458 |
||
| 003 | AR-CdUCM | ||
| 008 | 190401b ||||| |||| 00| 0 spa d | ||
| 040 |
_aMUNICIPALIDAD PROVINCIAL DEL CUSCO _cBIBLIOTECA MUNICIPAL DEL CUSCO |
||
| 082 |
_a869.25 / _bF49R / 1926 |
||
| 100 |
_aFiguerero, Jacinto A. _927329 |
||
| 245 | _aLa ruta de los conquistadores / | ||
| 260 |
_aBuenos Aires : _bTor, _c1926. |
||
| 300 |
_a226 páginas ; _c18 cm. |
||
| 505 | _aContenido: Gente conocida -- Gente de afuera -- Gente de adentro. | ||
| 650 |
_aLiteratura _983 |
||
| 650 |
_aArgentina _9511 |
||
| 650 |
_aSiglo XX _98 |
||
| 650 |
_aFicción _9184 |
||
| 942 |
_2ddc _cLIBROS |
||
| 945 | _aachl | ||